Click the Chinese Word - Statistics

General Stats
  • This quiz has been taken 18 times
  • The average score is 17 of 24
Answers on the Map
Answers color-coded by a green-red scale on the quiz's map according to % correct below.
 
Answer Stats
Answer % Correct
93%
苹果
87%
87%
87%
80%
星星
80%
地图
73%
73%
73%
帽子
67%
眼睛
67%
67%
铅笔
67%
心脏
67%
房子
67%
香蕉
67%
老鼠
67%
67%
乌龟
60%
骨头
60%
嘴巴
60%
钥匙
60%
柠檬
53%
服咯啵
53%
No matching quizzes found
Score Distribution
Percent of People with Each Score
Percentile by Number Answered
Your Score History
You have not taken this quiz